Indian Society for Technical Education & The Institute of Electronics and Telecommunication Engineers News Letters (Record no. 52599)

MARC details
000 -LEADER
fixed length control field 00573nam a2200145Ia 4500
008 - FIXED-LENGTH DATA ELEMENTS--GENERAL INFORMATION
fixed length control field 220530s9999 xx 000 0 und d
041 ## - LANGUAGE CODE
Language code of text/sound track or separate title eng
082 ## - DEWEY DECIMAL CLASSIFICATION NUMBER
Classification number 621:050
100 ## - MAIN ENTRY--PERSONAL NAME
Personal name ISTE
9 (RLIN) 58442
245 ## - TITLE STATEMENT
Title Indian Society for Technical Education & The Institute of Electronics and Telecommunication Engineers News Letters
Remainder of title Volume 32 ( April 2012 to November 2013) & Volume 16 & 17( May 2014 to April 2015)
260 ## - PUBLICATION, DISTRIBUTION, ETC. (IMPRINT)
Place of publication, distribution, etc. New Delhi
Name of publisher, distributor, etc. ISTE & IETE
Date of publication, distribution, etc. 2012
300 ## - PHYSICAL DESCRIPTION
Other physical details HB
-- Volume 32 Issue No.4 to 11 & Volume 16 & 17 Issue No.2 to 3 & 1
700 ## - ADDED ENTRY--PERSONAL NAME
Personal name IETE
9 (RLIN) 58443
906 ## - LOCAL DATA ELEMENT F, LDF (RLIN)
a 0
Holdings
Withdrawn status Lost status Damaged status Not for loan Home library Current library Date acquired Vendor Total Checkouts Full call number Barcode Date last seen Bill Date Koha item type Original Barcode
        Cummins College of Engineering for Women Nagpur Cummins College of Engineering for Women Nagpur 17/10/2015 Laxmi Art & Binding Works   621:050/ CEWN-BV-293 30/05/2022 30/05/2022 Bound Volume J00293